Types of Nuts - Statistics

General Stats
  • This quiz has been taken 68 times
  • The average score is 10 of 14
Answer Stats
Picture Answer % Correct
cashew
98%
almond
96%
peanut
92%
pecan
92%
walnut
90%
coconut
88%
pistachio
85%
acorn
79%
hazelnut
65%
chestnut
62%
brazil nut
58%
macadamia
52%
pine nut
52%
kola nut
2%
No matching quizzes found
Score Distribution
Percent of People with Each Score
Percentile by Number Answered
Your Score History
You have not taken this quiz